00698nam a22001937a 450000500170000001000150001702000110003203500130004303700130005610000230006924500920009226000430018427000400022730000240026750000500029194200170034199900170035895201290037520130924121017.0 aENG-108128 c300.00 aEN-91661 bDBAD/PUB aMohammed Alimuddin aThe contribution of the Hindus to persian literature in Bengal /cby Mohammed Alimuddin aKolkatabSarfaraz Printing Housec2008 aS.N. Banerjee RoadbKolkatae700014 aiii,166p.c28cm(Hb) aIncludes bibliographical references and index 2ddccENmALI c77979d77979 001040718NFICaDBADbDBADd2013-07-23eDBAD/PUBg300.00l0oMOHpEN-91661r2013-07-23 00:00:00t1v300.00w2013-07-23yEN